000 00622cam a22002173a 4500
001 45382
003 PGUSA
005 20140828084041.0
008 140414s2014||||xxu|||||s|||||000 | eng d
040 _aPGUSA
_beng
042 _adc
100 1 _aWhite, A. R.
245 1 4 _aThe Blue and The Gray :
_bOr, The Civil War as Seen by a Boy
_h[electronic resource] /
_cA. R. White
260 _bProject Gutenberg,
_c2014
506 _aPublic domain in the USA.
516 _aElectronic text
700 1 _aBeard, Frank
830 0 _aProject Gutenberg
_v45382
856 4 0 _uhttp://www.gutenberg.org/ebooks/45382
942 _cEB
999 _c274633
_d274633